Štatistické spájanie výberových zisťovaní EU SILC a HBS
Metóda štatistického spájania (statistical matching) mikroúdajov z dvoch alebo viacerých rôznych súboroch údajov a ich použitie. Testovanie a štatistické spájanie údajov EU SILC (štatistika príjmov a životných podmienok) a RÚ (štatistika rodinných účtov).
Salvato in:
| Autore principale: | |
|---|---|
| Altri autori: | |
| Natura: | Capitolo di libro |
| Lingua: | slovacco |
| Soggetti: | |
| Tags: |
Nessun Tag, puoi essere il primo ad aggiungerne!!
|
MARC
| LEADER | 00000nla$a2200000$$$4500 | ||
|---|---|---|---|
| 001 | 0150060 | ||
| 005 | 20221103134306.8 | ||
| 041 | 0 | |a slo | |
| 044 | |a SK | ||
| 245 | 1 | 0 | |a Štatistické spájanie výberových zisťovaní EU SILC a HBS |c Róbert Vlačuha, Yvonna Kováčová |
| 520 | |a Metóda štatistického spájania (statistical matching) mikroúdajov z dvoch alebo viacerých rôznych súboroch údajov a ich použitie. Testovanie a štatistické spájanie údajov EU SILC (štatistika príjmov a životných podmienok) a RÚ (štatistika rodinných účtov). | ||
| 610 | 2 | 0 | |a štatistika |
| 610 | 2 | 0 | |a údaje štatistické |
| 610 | 2 | 0 | |a zisťovanie štatistické |
| 610 | 2 | 0 | |a súbory štatistické |
| 610 | 2 | 0 | |a príjmy obyvateľstva |
| 610 | 2 | 0 | |a podmienky životné |
| 100 | 1 | |a Vlačuha, Róbert | |
| 700 | 1 | |a Kováčová, Yvonna | |